[Event "Belgrade-ch (Women)"]
[Site "Belgrade"]
[Date "2012.01.22"]
[Round "1"]
[White "Sarjanovic, Andjela"]
[Black "Zivic, Radmila"]
[Result "0-1"]
[WhiteElo "1630"]
[BlackElo "2057"]
[PlyCount "66"]
[EventDate "2012.01.22"]
[EventType "swiss"]
[EventRounds "9"]
[EventCountry "SRB"]
[SourceTitle "CBM 146 Extra"]
[Source "ChessBase"]
[SourceDate "2012.02.29"]
[SourceVersion "1"]
[SourceVersionDate "2012.02.29"]
[SourceQuality "1"]

1. e4 e5 2. Nc3 Nf6 3. Bc4 Nxe4 4. Qh5 Nd6 5. Bb3 Nc6 6. Nb5 g6 7. Qf3 f5 8. Qd5 Qf6 9. Nxc7+ Kd8 10. Nxa8 b6 11. Nxb6 axb6 12. Qf3 Bb7 13. Qd1 Nd4 14. Nf3 Bxf3 15. gxf3 e4 16. fxe4 Nxe4 17. d3 Qh4 18. Be3 Bb4+ 19. c3 Nxc3 20. Bg5+ Qxg5 21. bxc3 Bxc3+ 22. Kf1 Re8 23. Rc1 Re1+ 24. Qxe1 Bxe1 25. Rxe1 Nf3 26. Re3 Nh4 27. Rg1 Qf6 28. Rgg3 f4 29. Rgf3 Qg5 30. Rg3 fxg3 31. Rxg3 Qc1+ 32. Ke2 Nf5 33. Rh3 Nd4# 0-1

[Event "Belgrade Winter op (Women)"]
[Site "Belgrade"]
[Date "2011.01.30"]
[Round "9"]
[White "Sarjanovic, Andjela"]
[Black "Miladinovic, Lena"]
[Result "0-1"]
[WhiteElo "1694"]
[BlackElo "2072"]
[PlyCount "70"]
[EventDate "2011.01.22"]
[EventType "swiss"]
[EventRounds "9"]
[EventCountry "SRB"]
[SourceTitle "CBM 140 Extra"]
[Source "ChessBase"]
[SourceDate "2011.03.01"]
[SourceVersion "1"]
[SourceVersionDate "2011.03.01"]
[SourceQuality "1"]

1. e4 c5 2. c3 e6 3. d4 d5 4. exd5 exd5 5. Nf3 Nc6 6. Be2 Nf6 7. 0-0 Bd6 8. Bg5 Be6 9. Re1 0-0 10. Nbd2 cxd4 11. cxd4 h6 12. Bxf6 Qxf6 13. Nb3 Bf5 14. Bd3 Bg4 15. Be2 Rfe8 16. Qd3 Nb4 17. Qd2 Rac8 18. Nc5 b6 19. Qxb4 Rxe2 20. Rxe2 Bxf3 21. gxf3 Qh4 22. Ree1 bxc5 23. Qa4 Qxh2+ 24. Kf1 Qh3+ 25. Ke2 cxd4 26. Rad1 Qe6+ 27. Kf1 Qh3+ 28. Ke2 Qf5 29. Rxd4 Kf8 30. Rd3 Bc5 31. Red1 Qe5+ 32. Kf1 Qh2 33. R3d2 Re8 34. Qxe8+ Kxe8 35. Re1+ Kd7 0-1

[Event "Belgrade Winter op (Women)"]
[Site "Belgrade"]
[Date "2011.01.26"]
[Round "5"]
[White "Pihajlic, Amalija"]
[Black "Sarjanovic, Andjela"]
[Result "1-0"]
[WhiteElo "1989"]
[BlackElo "1694"]
[PlyCount "127"]
[EventDate "2011.01.22"]
[EventType "swiss"]
[EventRounds "9"]
[EventCountry "SRB"]
[SourceTitle "CBM 140 Extra"]
[Source "ChessBase"]
[SourceDate "2011.03.01"]
[SourceVersion "1"]
[SourceVersionDate "2011.03.01"]
[SourceQuality "1"]

1. e4 d5 2. exd5 Qxd5 3. d4 Nf6 4. Nc3 Qd6 5. h3 a6 6. Nf3 Bf5 7. Bc4 e6 8. 0-0 Be7 9. Qe2 0-0 10. Be3 Nc6 11. a3 b5 12. Ba2 Qd7 13. Rfd1 Rfd8 14. Ne5 Qe8 15. Qf3 Nxe5 16. dxe5 Nd7 17. Qe2 Rdc8 18. Bf4 Rab8 19. Ne4 Bxe4 20. Qxe4 c5 21. c4 Nb6 22. cxb5 axb5 23. Rac1 Qc6 24. Qc2 h6 25. Bb1 g6 26. Bxh6 Kh7 27. Qd2 Rd8 28. Qf4 Qe8 29. Bg5 Bxg5 30. Qxg5 Rxd1+ 31. Rxd1 Nc4 32. Qh5+ Kg7 33. Qe2 Qc6 34. Bd3 Na5 35. Be4 Qc7 36. f4 Nb3 37. Kh2 Nd4 38. Qd3 Rd8 39. Rc1 c4 40. Qe3 Qa5 41. Rc3 Nb3 42. Bc2 Nd4 43. Bb1 Nb3 44. Bc2 Nd4 45. Be4 Nb3 46. h4 Nd4 47. h5 Nf5 48. Bxf5 gxf5 49. Qg3+ Kh7 50. Qg5 Rg8 51. Qf6 Qa8 52. Rf3 Qb7 53. Rg3 Rxg3 54. Kxg3 Qe4 55. Qxf7+ Kh8 56. Qe8+ Kh7 57. Qg6+ Kh8 58. Qh6+ Kg8 59. Qxe6+ Kf8 60. Qd6+ Kg8 61. Qd2 Qb7 62. Qd8+ Kh7 63. Qg5 Qe4 64. Kh4 1-0